000 01647nam a2200289 a 4500
001 000024784
003 OSt
005 20240305130443.0
008 110204s2002 dr 000 0 spa d
040 _aDO-SdBNP
_bspa
_cBNPHU
082 _a327.7308
_bI73h
_222
100 1 _aIsa Conde, Narciso,
_d1942-
_912387
245 1 4 _aLos Halcones atacan :
_bestrategia E.U. en el siglo XXI y alternativa revolucionario /
_c Narciso Isa Conde.
260 _aSanto Domingo :
_bTropical
_c2002.
300 _a220 p. ;
_c24 cm.
500 _aIncluye datos biográficos del autor en la contracubierta.
500 _aBibliografía : p. 214-220.
505 _aCrisis, reestructuración capitalista y estrategia de EE. UU. hacia América Latina y el Caribe -- El septiembre blanco, Las torres gemelas y la guerra continua -- Réplica al manifiesto guerrerista de Bush -- Los Halcones atacan -- La transformación revolucionaria : una contrapartida necesaria -- Otro mundo y otra América son posible -- Nuevos conceptos de seguridad y defensa nacionales : el caso dominicano -- De patrias y fronteras : dominicana, Haití, EE. UU y más allá -- Desigualdad y empobrecimiento.
590 _aInventariado, 2020/VM
650 _aGuerra contra el Terrorismo, 2001-2009
_977578
651 4 _aAmérica Latina
_xRelaciones internacionales
_zEstados Unidos.
_977579
651 4 _aEstados Unidos
_xRelaciones internacionales
_zAmérica Latina.
_977580
651 4 _aUnited States
_xRelaciones internacionales
_zLatin America.
_977581
651 4 _aRepública Dominicana
_xRelaciones Internacionales
_zEstados Unidos.
_977582
910 _aVMateo
942 _2ddc
_cLBS1
999 _c24277
_d24277